| 000 | 01263cam a22002054a 4500 | ||
|---|---|---|---|
| 005 | 20250605164006.0 | ||
| 008 | 250528s ||||||||||||||||||||||||d | ||
| 035 | _a15816 | ||
| 020 | _a9602867779 | ||
| 040 |
_aGR-AtMCL _bgre _dGR-AtMCL _eAACR2 |
||
| 245 | 1 | _aΘεμελιώδεις Αρχές της Ψυχολογίας / Εφαρμογές στη Ζωή & την Εργασία | |
| 260 |
_bΈλλην, _c2004 |
||
| 300 | _a472 | ||
| 520 | _aΕισαγωγή στην Ψυχολογία, Οι Βιολογικές Ρίζες της Συμπεριφοράς, Αίσθηση και Αντίληψη, Καταστάσεις της Συνείδησης, Η Μάθηση, Η Μνήμη, Η Σκέψη και η Γλώσσα και η Νοημοσύνη, Η Ανθρώπινη Ανάπτυξη και Εξέλιξη, Κίνητρα και Συναίσθημα, Η Προσωπικότητα, Η Ψυχολογία και η Υγεία, Ψυχοπαθολογία και Ψυχοθεραπεία, Η Ψυχολογία της Κοινωνικής Συμπεριφοράς, Εφαρμοσμένη Ψυχολογία, Γλωσσάρι. | ||
| 700 | 1 |
_aCulkin Joseph _91818 |
|
| 700 | 1 |
_aPerrotto Richard S _91819 |
|
| 942 | _cBK | ||
| 999 |
_c1367 _d1367 |
||